000 00266nam a2200109Ia 4500
008 190216s9999||||xx |||||||||||||| ||und||
100 _aSharath Chandran
245 0 _aKevala Soundaryam Enna Midya
260 _bNbs Kottayam
650 _aEssay Malayalam
942 _cBK
999 _c25329
_d25329